000 00569nam a2200229Ia 4500
003 OSt
005 20220924143014.0
006 a|||||r|||| 00| 0
007 ta
008 220923b |||||||| |||| 00| 0 ori d
024 _a304366
037 _cTextual
040 _aARTS
_cARTS
_bORI
041 _2ORI
_aORI
082 _aO1591,2NP17,6, L3
100 _aPadhi R.
_9214594
245 0 _aSweta sankha
260 _c1973
650 _aORIYA LITERATURE
_927692
942 _hO1591,2NP17,6, L3
_cTEXL
_2CC
999 _c452887
_d452887